[Event "NED-chT 1516"]
[Site "Netherlands"]
[Date "2015.11.07"]
[Round "3.8"]
[White "Den Hartog, Marijn"]
[Black "Van Beek, Alexander"]
[Result "1-0"]
[WhiteElo "2170"]
[BlackElo "2317"]
[PlyCount "119"]
[EventDate "2015.09.26"]
[EventType "team-tourn"]
[EventRounds "9"]
[EventCountry "NED"]
[SourceTitle "EXT 2017"]
[Source "ChessBase"]
[SourceDate "2016.10.25"]
[SourceVersion "1"]
[SourceVersionDate "2016.10.25"]
[SourceQuality "1"]
[WhiteTeam "Rotterdam Pathena"]
[BlackTeam "BSG"]
[WhiteTeamCountry "NED"]
[BlackTeamCountry "NED"]

1. e4 e5 2. Nf3 Nc6 3. Bb5 a6 4. Ba4 Nf6 5. 0-0 Be7 6. d3 b5 7. Bb3 d6 8. a3 Na5 9. Ba2 c5 10. Nc3 Be6 11. Bg5 Bxa2 12. Rxa2 Nc6 13. Bxf6 Bxf6 14. Nd5 0-0 15. b4 g6 16. Nd2 Rc8 17. Nb3 c4 18. dxc4 bxc4 19. Nd2 Bg5 20. Nxc4 Nxb4 21. axb4 Rxc4 22. Qe2 Rc6 23. Rxa6 Qc8 24. Rxc6 Qxc6 25. b5 Qc5 26. b6 Rb8 27. Rb1 Bd8 28. Rb5 Qd4 29. c3 Qa4 30. g3 Qa6 31. Qb2 Rb7 32. Qb4 Kg7 33. Kg2 h5 34. c4 Qa1 35. c5 dxc5 36. Qxc5 h4 37. gxh4 Qd1 38. Ne3 Qe2 39. Qxe5+ Bf6 40. Qc5 Bxh4 41. Qc3+ Bf6 42. Qc4 Qe1 43. Qc2 Bd4 44. Nd5 Be5 45. Rb1 Qa5 46. Qd3 Qa2 47. Rd1 Rd7 48. h3 Qa8 49. Qe2 Qb8 50. Rb1 Rb7 51. Qc4 Qd8 52. f4 Bb8 53. Qc3+ f6 54. Qc6 Rd7 55. Rd1 Kh6 56. Kf3 Rd6 57. Qc5 Qd7 58. Kg2 Rc6 59. Nxf6 Qxd1 60. Qf8# 1-0

[Event "NED-chT 1516"]
[Site "Netherlands"]
[Date "2015.10.10"]
[Round "2.5"]
[White "Van Beek, Alexander"]
[Black "Van Assendelft, Floris"]
[Result "1/2-1/2"]
[WhiteElo "2317"]
[BlackElo "2362"]
[PlyCount "26"]
[EventDate "2015.09.26"]
[EventType "team-tourn"]
[EventRounds "9"]
[EventCountry "NED"]
[SourceTitle "CBM 168 Extra"]
[Source "ChessBase"]
[SourceDate "2015.10.29"]
[SourceVersion "1"]
[SourceVersionDate "2015.10.29"]
[SourceQuality "1"]
[WhiteTeam "BSG"]
[BlackTeam "SISSA"]
[WhiteTeamCountry "NED"]
[BlackTeamCountry "NED"]

1. e4 c5 2. Nf3 d6 3. Bb5+ Bd7 4. Bxd7+ Qxd7 5. c4 Nf6 6. Nc3 g6 7. d4 cxd4 8. Nxd4 Bg7 9. b3 Nc6 10. Bb2 Qg4 11. Qxg4 Nxg4 12. Nxc6 bxc6 13. f3 Ne5 1/2-1/2

[Event "NRW Class1 1516"]
[Site "Germany"]
[Date "2015.09.27"]
[Round "1.4"]
[White "Himmel, Hansjoerg"]
[Black "Van Beek, Alexander"]
[Result "1-0"]
[WhiteElo "2160"]
[BlackElo "2295"]
[PlyCount "71"]
[EventDate "2015.09.27"]
[EventType "team-tourn"]
[EventRounds "9"]
[EventCountry "GER"]
[SourceTitle "EXT 2017"]
[Source "ChessBase"]
[SourceDate "2016.10.25"]
[SourceVersion "1"]
[SourceVersionDate "2016.10.25"]
[SourceQuality "1"]
[WhiteTeam "Kamen"]
[BlackTeam "Erkenschwick"]
[WhiteTeamCountry "GER"]
[BlackTeamCountry "GER"]

1. e4 c5 2. Nf3 e6 3. d4 cxd4 4. Nxd4 Bc5 5. Nb3 Bb6 6. c4 Ne7 7. Nc3 0-0 8. Be2 Nbc6 9. c5 Bc7 10. Nb5 f5 11. 0-0 Bb8 12. Qd3 b6 13. Rd1 Ne5 14. Qc3 fxe4 15. Bg5 Rf5 16. Bh4 Qf8 17. Nd6 Bxd6 18. cxd6 Nd5 19. Qg3 Nf4 20. Bf1 Nfd3 21. Nd4 Rf4 22. Be7 Qf7 23. h3 Nxf2 24. Bg5 Nxd1 25. Bxf4 Ng6 26. Bg5 Nxb2 27. Be2 e5 28. Rf1 Qd5 29. Nf5 Bb7 30. Bh5 Qc5+ 31. Kh1 Ba6 32. Bxg6 Bxf1 33. Ne7+ Kh8 34. Qh4 Bxg2+ 35. Kh2 h6 36. Bxh6 1-0

[Event "NED-chT 1415"]
[Site "Netherlands"]
[Date "2015.04.25"]
[Round "9.8"]
[White "Van Beek, Alexander"]
[Black "Hoekstra, Carl"]
[Result "1-0"]
[WhiteElo "2333"]
[BlackElo "1939"]
[PlyCount "67"]
[EventDate "2014.09.27"]
[EventType "team-tourn"]
[EventRounds "9"]
[EventCountry "NED"]
[SourceTitle "EXT 2016"]
[Source "ChessBase"]
[SourceDate "2015.10.08"]
[SourceVersion "1"]
[SourceVersionDate "2015.10.08"]
[SourceQuality "1"]
[WhiteTeam "BSG"]
[BlackTeam "SISSA"]
[WhiteTeamCountry "NED"]
[BlackTeamCountry "NED"]

1. e4 g6 2. d4 Bg7 3. Nc3 c6 4. f4 d5 5. e5 h5 6. Be3 Nh6 7. Nf3 Bg4 8. h3 Bxf3 9. Qxf3 e6 10. Bd3 Nd7 11. Bf2 Qe7 12. g4 Qb4 13. 0-0-0 hxg4 14. hxg4 0-0-0 15. Rh3 Ng8 16. Rxh8 Bxh8 17. Rh1 Bg7 18. Rh7 Qf8 19. f5 gxf5 20. gxf5 c5 21. f6 Bh6+ 22. Kb1 cxd4 23. Bxd4 a6 24. a3 Bd2 25. Qh5 Nh6 26. Nd1 Nb8 27. Ne3 Nc6 28. Bb6 Bxe3 29. Bxe3 Nf5 30. Bxf5 exf5 31. Rxf7 Qe8 32. Qxf5+ Kb8 33. e6 Ka8 34. e7 1-0

[Event "NED-chT 1415"]
[Site "Netherlands"]
[Date "2015.04.11"]
[Round "8.10"]
[White "Besseling, Michiel"]
[Black "Van Beek, Alexander"]
[Result "1-0"]
[WhiteElo "2198"]
[BlackElo "2333"]
[PlyCount "79"]
[EventDate "2014.09.27"]
[EventType "team-tourn"]
[EventRounds "9"]
[EventCountry "NED"]
[SourceTitle "EXT 2016"]
[Source "ChessBase"]
[SourceDate "2015.10.08"]
[SourceVersion "1"]
[SourceVersionDate "2015.10.08"]
[SourceQuality "1"]
[WhiteTeam "Rotterdam"]
[BlackTeam "BSG"]
[WhiteTeamCountry "NED"]
[BlackTeamCountry "NED"]

1. d4 Nf6 2. c4 g6 3. g3 Bg7 4. Bg2 0-0 5. Nc3 d6 6. Nf3 Nc6 7. h3 a6 8. e4 Rb8 9. 0-0 b5 10. e5 dxe5 11. dxe5 Nd7 12. cxb5 axb5 13. Be3 b4 14. Nd5 Ncxe5 15. Nxe5 Bxe5 16. Qc2 e6 17. Nf4 Bb7 18. Bxb7 Rxb7 19. Qc6 Qc8 20. Nd3 Bg7 21. Rfd1 b3 22. axb3 Rxb3 23. Qc2 Qb8 24. Ra2 Ne5 25. Nc5 Rb5 26. Na6 Nf3+ 27. Kf1 Qb7 28. Qxc7 Qe4 29. Qf4 Qc2 30. Qxf3 Bxb2 31. Qe2 Qb3 32. Nc5 Rxc5 33. Rxb2 Qc4 34. Bxc5 Qxc5 35. Kg1 Qc3 36. Rbd2 Qf6 37. Kg2 h5 38. Qf3 Qg5 39. h4 Qa5 40. Qf6 1-0

[Event "NED-chT 1415"]
[Site "Netherlands"]
[Date "2015.03.07"]
[Round "6.7"]
[White "Van Beek, Alexander"]
[Black "Wiersma, Eelke"]
[Result "1-0"]
[WhiteElo "2333"]
[BlackElo "2370"]
[PlyCount "53"]
[EventDate "2014.09.27"]
[EventType "team-tourn"]
[EventRounds "9"]
[EventCountry "NED"]
[SourceTitle "EXT 2016"]
[Source "ChessBase"]
[SourceDate "2015.10.08"]
[SourceVersion "1"]
[SourceVersionDate "2015.10.08"]
[SourceQuality "1"]
[WhiteTeam "BSG"]
[BlackTeam "Leiden LSG"]
[WhiteTeamCountry "NED"]
[BlackTeamCountry "NED"]

1. e4 c5 2. Nf3 Nc6 3. Bb5 g6 4. Bxc6 bxc6 5. 0-0 Bg7 6. Re1 Nf6 7. e5 Nd5 8. c4 Nc7 9. d4 cxd4 10. Qxd4 d5 11. Nc3 0-0 12. b3 Ne6 13. Qh4 f6 14. cxd5 cxd5 15. Ba3 g5 16. Qb4 fxe5 17. Nxe5 Rf4 18. Qxe7 Qxe7 19. Bxe7 Rf5 20. Bd6 Bb7 21. Rac1 Nf4 22. Nb5 Re8 23. Nf3 Rxe1+ 24. Rxe1 h6 25. Re8+ Kh7 26. Re7 Ba6 27. Nbd4 1-0

[Event "NRW Class1 1415"]
[Site "Germany"]
[Date "2015.03.01"]
[Round "7.3"]
[White "Hintze, Helge"]
[Black "Van Beek, Alexander"]
[Result "1/2-1/2"]
[WhiteElo "2231"]
[BlackElo "2336"]
[PlyCount "86"]
[EventDate "2014.09.14"]
[EventType "team-tourn"]
[EventRounds "9"]
[EventCountry "GER"]
[SourceTitle "EXT 2017"]
[Source "ChessBase"]
[SourceDate "2016.10.25"]
[SourceVersion "1"]
[SourceVersionDate "2016.10.25"]
[SourceQuality "1"]
[WhiteTeam "Elberfeld"]
[BlackTeam "Erkenschwick"]
[WhiteTeamCountry "GER"]
[BlackTeamCountry "GER"]

1. Nf3 f5 2. d4 Nf6 3. g3 e6 4. Bg2 Be7 5. 0-0 0-0 6. c4 d6 7. Nc3 Ne4 8. Qc2 Nxc3 9. Qxc3 Bf6 10. Qc2 e5 11. e3 Nc6 12. d5 Ne7 13. Bd2 Qe8 14. Bc3 Qh5 15. Nd2 f4 16. Qd1 Qh6 17. Qe2 g5 18. g4 Ng6 19. h3 Nh4 20. Be4 Be7 21. f3 Bd7 22. Rf2 Rf6 23. Nf1 Raf8 24. Rc1 Be8 25. exf4 Rxf4 26. Bd2 R4f7 27. Rc3 Qg7 28. Ng3 a5 29. Rb3 b6 30. Rc3 Rf6 31. Qe3 h6 32. Kh2 Bg6 33. Qe2 Qh7 34. Bxg6 Qxg6 35. Ne4 R6f7 36. b3 h5 37. Ng3 hxg4 38. hxg4 Qb1 39. Bc1 Qh7 40. Kg1 Qb1 41. Kh2 Qh7 42. Kg1 Qb1 43. Kh2 Qh7 1/2-1/2

[Event "NED-chT 1415"]
[Site "Netherlands"]
[Date "2014.11.01"]
[Round "2.9"]
[White "Ciornei, Dragos"]
[Black "Van Beek, Alexander"]
[Result "1-0"]
[WhiteElo "2138"]
[BlackElo "2333"]
[PlyCount "73"]
[EventDate "2014.09.27"]
[EventType "team-tourn"]
[EventRounds "9"]
[EventCountry "NED"]
[SourceTitle "EXT 2015"]
[Source "ChessBase"]
[SourceDate "2014.11.20"]
[SourceVersion "1"]
[SourceVersionDate "2014.11.20"]
[SourceQuality "1"]
[WhiteTeam "Voerendaal"]
[BlackTeam "BSG"]
[WhiteTeamCountry "NED"]
[BlackTeamCountry "NED"]

1. e4 e5 2. Nf3 Nc6 3. d4 exd4 4. Nxd4 Nf6 5. Nxc6 bxc6 6. e5 Qe7 7. Qe2 Nd5 8. c4 Nb6 9. Nc3 g6 10. Bf4 Ba6 11. Qe4 Qb4 12. 0-0-0 Nxc4 13. Bxc4 Qxc4 14. Rd4 Qe6 15. Rhd1 0-0-0 16. Bg5 Be7 17. Bxe7 Qxe7 18. Ra4 Bb7 19. Rxa7 Qc5 20. Qa4 Kb8 21. Ra5 Qxf2 22. Ne4 Qf4+ 23. Kb1 d5 24. Nc5 Qc4 25. b3 Qc3 26. Rc1 Qxe5 27. Qb4 Qf5+ 28. Kb2 Qc8 29. Na6+ Ka8 30. Nc5+ Kb8 31. Qa4 Rhe8 32. Ra7 Rd6 33. Rd1 Re2+ 34. Ka3 Rxg2 35. Rd4 Rc2 36. Rb4 Rxc5 37. Ra8# 1-0